000
00279nam a2200109Ia 4500
008
230907s9999||||xx |||||||||||||| ||und||
082
_a
621.3192
_b
IRW
245
0
_a
Engineering circuit analysis /
260
_a
Wiley,
_b
New Delhi : Noida :
_c
2015
300
_a
839 p.
942
_c
BK
999
_c
600532
_d
600532